Blood vessels quiz - Statistics

General Stats
  • This quiz has been taken 107 times
  • The average score is 7 of 13
Answer Stats
Hint Answer % Correct
Vessels that carry blood away from the heart Arteries
96%
Vessels that carry blood into the heart Veins
96%
Tiny exchange vessels that distribute oxygen to tissues Capillaries
91%
The largest blood vessel in the body Aorta
90%
The largest vein in the body Inferior Vena Cava
67%
The only artery that does not transfer oxygenated blood Pulmonary
65%
The arteries that supply blood to the head and neck Carotid
44%
The veins that return blood from the head and neck Jugular
38%
The vessels that exchange blood in the kidneys Renal
38%
Types of veins that distend due to valve failure Varicose
25%
The longest vessel in the body Great Saphenous vein
9%
Common, deep circumflex, external and internal, are what type of vein? Iliac
9%
Large paired collecting veins on either side of the body Subclavian
9%
No matching quizzes found
Score Distribution
Percent of People with Each Score
Percentile by Number Answered
Your Score History
You have not taken this quiz